name that image - Statistics

General Stats
  • This quiz has been taken 10 times
  • The average score is 4 of 16
Answer Stats
Picture Answer % Correct
hair
78%
sand
67%
salt
56%
velcro
56%
needle and thread
44%
ball point pen
22%
computer chip
22%
banana
11%
butterfly scales
11%
carrot
11%
coffee granule
11%
fish scale
11%
pencil tip
11%
toothbrush bristles
11%
torn paper
11%
vinyl record
11%
No matching quizzes found
Score Distribution
Percent of People with Each Score
Percentile by Number Answered
Your Score History
You have not taken this quiz